01062nam a2200265Ia 450000500170000000800410001708200180005824500590007625000190013530000620015449000390021650000900025565000670034565000610041265000460047365000530051970000320057294200120060426400420061633600270065833700330068533800280071804000350074699900150078120220317001257.0160825s1982 ck g 000 0 spa 04a791.436bM14p10aPura sangrecdirección Luis Ospinahvideograbación a1a. edición  a1 videocasete en VHS (98 minutos)bsonido, color c20 cm  aLa maletappelículas colombianas aLa película pertenece a la colección La Maleta. Dirigida para un público adulto142LEMBaPelículas cinematográficas colombianasvVideocasetes142LEMB aPelículas de misterio en el cine vVideocasetes142LEMBaViolencia en el cine vVideocasetes142LEMBaAsesinatos en la literatura vVideocasetes1 aOspina, Luisd1949- 968567 2ddccBK aBogotábMinisterio de Culturac1982 atextobtxt2rdacontent asin mediaciónbn2rdamedia avolumenbnc2rdacarrier aCO-BoRNBPbspaerdacCO-BoRNBP c6468d6468